000
00222 a2200097 4500
001
58360
100
_a
245
_a
Soviet union ka zawal
260
_a
Islamabad
_b
Institute of Policy Studies
_c
260
090
_c
35849
_d
35849
942
_a
NUST-CAE
_c
_c
28723
999
_c
293433
_d
293433